Postavenie rómskej minority v SR a problém sociálnej exklúzie

Na Slovensku, okrem väčšinovej slovenskej národnosti, žije viacero národnostných menšín a etnických skupín. Legislatívna úprava postavenia národnostných menšín a etnických skupín - ústava. Zákaz diskriminácie menšín. Rómska národnostná menšina. Jej charakteristika (extenzívnejšia reprodukcia), posta...

Full description

Saved in:
Bibliographic Details
Main Author: Koganová, Viera
Format: Book Chapter
Language:Slovak
Subjects:
Tags: Add Tag
No Tags, Be the first to tag this record!

MARC

LEADER 00000naa$a2200000$$$4500
001 0052638
005 20240502071617.2
041 0 |a slo 
044 |a SK 
245 1 0 |a Postavenie rómskej minority v SR a problém sociálnej exklúzie  |c Viera Koganová 
520 |a Na Slovensku, okrem väčšinovej slovenskej národnosti, žije viacero národnostných menšín a etnických skupín. Legislatívna úprava postavenia národnostných menšín a etnických skupín - ústava. Zákaz diskriminácie menšín. Rómska národnostná menšina. Jej charakteristika (extenzívnejšia reprodukcia), postavenie. Rómovia majú v súčasnosti zaregistrovaných vyše sto občianskych združení a dve politické strany. Vzdelanostná úroveň Rómov. Rómovia vo svetle medzinárodnej politiky. 
610 2 0 |a menšiny národnostné 
610 2 0 |a Rómovia 
610 2 0 |a demografia sociálna 
610 2 0 |a vzdelanosť 
610 2 0 |a úroveň životná 
610 2 0 |a strany politické 
610 2 0 |a Slovensko 
100 1 |a Koganová, Viera